| 000 | 00589nam a22001817a 4500 | ||
|---|---|---|---|
| 005 | 20251108171803.0 | ||
| 008 | 250721s1998 xx 000 0 ara d | ||
| 082 | 1 | 4 | _a956.612/بغد |
| 100 | 1 | _aالبغدادي، إبراهيم فصيح إبن السيد صبغة الله الحيدري | |
| 245 | 1 | 0 | _aعنوان المجد في بيان أحوال بغداد و البصرة و نجد / |
| 264 |
_bدار الحكمة، _c1998. |
||
| 300 | _a267ص | ||
| 650 | 1 | 7 | _aتاريخ العراق |
| 650 | 1 | 7 | _aنجد |
| 650 | 1 | 7 | _aالتاريخ |
| 942 |
_2ddc _cBK |
||
| 999 |
_c62510 _d62510 |
||